00697nam a2200169 a 450000100100000000500170001000800410002704000250006824500240009326000720011730000350018949000460022483000530027004900090032395201780033299900170051000003156120200930063021.0110627s1969 dr ac 000 0 spa d aDO-SdBNPbspacBNPHU00aTú y la sociedad. a[Santo Domingo] :bTeide :bInstituto Americano del Libro,c[196?]. a24 p. :bil., retrs. ;c26 cm.1 aBiblioteca básica de cultura dominicana 0aBiblioteca básica de cultura dominicana957911 aBNPD 0010718PDaPDbPDcCTd2011-06-27iLF1l0o p31561-10r2020-06-25w2020-06-25yLFPDzPerteneció a la biblioteca personal de Juan Isidro Jimenes -GrullónZNo se presta c31053d31053